000 004290000a22001690004500
003 MACL
005 20160110134444.0
008 160110b xxu||||| |||| 00| 0 eng d
040 _aMACL
_cMACL
041 _aEnglish
082 _a800/GAI
100 _aGaidhani, R N
_930958
245 _aThe Malavikagnimitra of Kalidasa
260 _bThe Popular Book Store
_aSurath
650 _aLiterature
_930959
942 _cBK
_k800/GAI
_2ddc
999 _c38902
_d38902